Riadenie vzťahov so zákazníkom v cestovnom ruchu

Vymedzenie pojmu "marketing vzťahov so zákazníkom". Uplatnenie marketingu vzťahov so zákazníkom v podmienkach podnikov cestovného ruchu ako konkurenčnej výhody a nástroja skvalitnenia marketingových činností. Východiská skúmania marketingu vzťahov so zákazníkom. Uplaňovanie marketingu vzťahov so zák...

Ausführliche Beschreibung

Gespeichert in:
Bibliographische Detailangaben
1. Verfasser: Maráková, Vanda
Format: Buchkapitel
Sprache:Slowakisch
Schlagworte:
Tags: Tag hinzufügen
Keine Tags, Fügen Sie das erste Tag hinzu!

MARC

LEADER 00000naa$a2200000$$$4500
001 0021484
005 20231016071610.8
041 0 |a slo 
044 |a SK 
245 1 0 |a Riadenie vzťahov so zákazníkom v cestovnom ruchu  |c Vanda Maráková 
520 |a Vymedzenie pojmu "marketing vzťahov so zákazníkom". Uplatnenie marketingu vzťahov so zákazníkom v podmienkach podnikov cestovného ruchu ako konkurenčnej výhody a nástroja skvalitnenia marketingových činností. Východiská skúmania marketingu vzťahov so zákazníkom. Uplaňovanie marketingu vzťahov so zákazníkom v hoteli. Predpoklady implementácie marketingu vzťahov so zákazníkom. 
610 2 0 |a ruch cestovný 
610 2 0 |a systém CRM 
610 2 0 |a marketing 
610 2 0 |a zákazníci 
610 2 0 |a stratégia podniková 
610 2 0 |a hotely 
100 1 |a Maráková, Vanda